|
|
|
|
| LEADER |
00000nam a2200000Ia 4500 |
| 008 |
170816b1996 cr ||||| |||| 00| | spa d |
| 999 |
|
|
|c 840
|d 840
|
| 020 |
|
|
|a 9968756016
|
| 090 |
|
|
|a 02.02.01
|b 883
|
| 100 |
1 |
|
|a Figueres Olsen, José María
|9 3070
|
| 245 |
1 |
0 |
|a Testimonio de un tiempo de cambios /
|c José María Figueres Olsen
|
| 260 |
|
|
|a San José, Costa Rica :
|b Ministerio de Información y Comunicación,
|c 1996
|
| 300 |
|
|
|a 224 páginas
|
| 650 |
1 |
4 |
|a POLITICA SOCIAL
|9 2251
|
| 650 |
1 |
4 |
|a POLÍTICA ECONÓMICA
|9 2059
|
| 650 |
1 |
4 |
|a RELACIONES EXTERIORES
|9 2266
|
| 650 |
1 |
4 |
|a DISCURSO
|9 2006
|
| 942 |
|
|
|i 001463
|h 02.02.01 883
|2 z
|c 01
|